Comunicación previa sobre los resutados obtenidos con los nuevos derivados del podofilino SP-G y SP-I (Record no. 148028)

MARC details
000 -LEADER
campo de control de longitud fija 00662nam a2200169 4500
001 - NÚMERO DE CONTROL
campo de control 148028
003 - IDENTIFICADOR DE NÚMERO DE CONTROL
campo de control ES-MaACL
005 - FECHA Y HORA DE LA ÚLTIMA TRANSACCIÓN
campo de control 20230906202405.0
007 - CAMPO FIJO DE DESCRIPCIÓN FÍSICA--INFORMACIÓN GENERAL
campo de control de longitud fija t|
008 - DATOS DE LONGITUD FIJA--INFORMACIÓN GENERAL
campo de control de longitud fija 070214s1964 sp r ||||1| spa d
100 1# - ENTRADA PRINCIPAL--NOMBRE DE PERSONA
Nombre de persona Stiefel, E.
9 (RLIN) 108205
245 10 - MENCIÓN DEL TÍTULO
Título Comunicación previa sobre los resutados obtenidos con los nuevos derivados del podofilino SP-G y SP-I
Resto del título : presentada en el Symposium sobre Quimioterapia en el Cáncer /
Mención de responsabilidad, etc. E. Stiefel.
260 ## - PUBLICACIÓN, DISTRIBUCIÓN, ETC.
Lugar de publicación, distribución, etc. [Madrid :
Nombre del editor, distribuidor, etc. s. n.,
Fecha de publicación, distribución, etc. 1964] (
Fabricante Imp. Nebreda Hnos.)
300 ## - DESCRIPCIÓN FÍSICA
Extensión 16 p. ;
Dimensiones 24 cm.
711 1# - ENTRADA AGREGADA--NOMBRE DE REUNIÓN
Nombre de congreso/reunión o jurisdicción como elemento de entrada Symposium sobre Quimioterapia en el Cáncer (
Sede del congreso/Lugar de la reunión Madrid? (
Fecha del congreso o de la firma del tratado 1964?)
9 (RLIN) 1116
852 ## - LOCALIZACIÓN
Ubicación ES-MaACL
Número de control de estantería 2037-F-23
Sublocalización o colección R.53967
Holdings
Estatus retirado Estado de pérdida Estado de daño No para préstamo Colección Biblioteca de origen Biblioteca actual Ubicación en estantería Fecha de adquisición Fuente de adquisición Total de préstamos Signatura topográfica completa Código de barras Visto por última vez Precio de reemplazo Tipo de ítem Koha
        Colección de folletos Biblioteca del Ateneo de Madrid Biblioteca del Ateneo de Madrid Depósito folletos 17/01/2008     2037-F-23 1154483 23/02/2023 23/02/2023 Folleto